01366 2200313 4500001002100000005001500021035002000036007000300056008004100059020002200100082001300122084002200135100003100157245012800188300003800316500002700354650005200381700002900433700003400462700003100496700003100527520033100558264005700889336002100946337003000967338002300997990001601020990001601036INLIS00000000004400320220125125246 a0010-0122000087ta220125 g 0 ind  a978-623-96056-0-5 a305.8951 aSR 305.8951 CHR p0 aChris Dharmawanepengarang1 aParakan living heritage /cChris Dharmawan, Lily Wibisono, Sutrisno Murtiyoso, Widya Wijayanti ; penyunting, Bhisma Adinaya a195 halaman :bilustrasi ;c29 cm aIndeks halaman 190-191 4aParakan – Kehidupan sosial dan adat istiadat;0 aLily Wibisonoepengarang0 aSutrisno Murtiyosoepengarang0 aWidya Wijayantiepengarang0 aBhisma Adinayaepenyunting abuku ini berisi mengenai warisan budaya di parakan dan buku ini mengemas realita keindahan fisik karya arsitektur,interior, dan benda- benda seni , memadukannya dengan estetika comtemporary arts dengan paduan keindahan arsitektur tionghoa klasik . dan buku ini adalah jendela yang akan mengajak anda untuk menikmati semua itu. aSemarang :bSemarang Contemporary Art Gallery,c2021 2rdacontentateks 2rdamediaatanpa perantara 2rdacarrieravolume a49004.61824 a49004.61824